000 01014nam a2200241Ia 4500
003 OSt
005 20220923225346.0
006 a|||||r|||| 00| 0
007 ta
008 220922b |||||||| |||| 00| 0 hin d
024 _a264,070
037 _cTextual
040 _aARTS
_cARTS
_bhin
041 _2hin
_ahin
082 _aNS44x1:g, 152M9
100 _aद्विवेदी, पारसनाथ
245 0 _aआचार्य नन्दिकेश्वर और उनका नाट्य साहित्य, सांप पारसनाथ द्विवेदी
246 _aĀchārya nandikeshvar aur unakā nāṭya sāhitya, sāanpa0 pārasanāth dvivedī
260 _aवाराणसी
_b सम्पूर्णानन्द संस्कृत विश्वविद्यालय
_c1989
300 _a336पृ.
_ccm.
942 _hNS44x1:g, 152M9
_cTEXL
_2CC
999 _c377758
_d377758